000 00350nam a2200145Ia 4500
008 221030s9999 xx 000 0 und d
041 _aEnglish
082 _a105.23
100 _aChemistry
245 0 _aOrganic Chemistry Digest
_cby Chemistry
260 _bKhosla Pub. House
_aNew Delhi
_c1987
300 _a114
650 _aChemistry
942 _cBK
999 _c1109
_d1109